|
|
|
|
| LEADER |
00000nas a22000007a 4500 |
| 005 |
20130325181503.0 |
| 007 |
cr|||| |||| |
| 008 |
130325c20129999xxu u|p s|||| 0|||a1eng d |
| 035 |
|
|
|a 7314
|
| 040 |
|
|
|a vLex
|
| 090 |
|
|
|c 4016
|d 4016
|
| 245 |
0 |
0 |
|a Journal of Legal Issues and Cases in Business
|h [Recurso electrn̤ico]
|
| 256 |
|
|
|a Servicio en ln̕ea
|
| 260 |
|
|
|a Jacksonville :
|b Academic and Business Research Institute (AABRI),
|c 2012-
|
| 300 |
|
|
|a 1 Recurso electrn̤ico
|
| 506 |
|
|
|d vLex Global
|d vLex Global (Academic Edition, excluding Law Schools)
|d vLex Global (U.S. Academic Edition, Law Schools)
|d vLex Global (U.S. Academic Edition, excluding Law Schools)
|d vLex Global (Academic Edition, Law Schools)
|
| 740 |
|
|
|a vLex Revistas (Servicio en ln̕ea)
|
| 856 |
|
|
|a Acceso restringido
|u http://www.vlex.com/source/7314
|
| 942 |
|
|
|c REV
|
| 999 |
|
0 |
|a Commercial law
|